Statistiques concernant Mots de la langue française terminés par "delle"

Cliquez ici pour prendre le quiz!

Statistiques générales

  • Ce quiz a été pris 92 fois
  • Le résultat moyen est 5 sur 15

Statistiques - réponses

IndiceMot% Correct
oiseauhirondelle
85%
bougiechandelle
85%
forteressecitadelle
82%
petit disquerondelle
71%
charcuteriemortadelle
69%
préparation culinairefricadelle
27%
cheval maigreharidelle
18%
balustraderidelle
15%
groseillegadelle
6%
poissonbondelle
5%
insectecicadelle
4%
sellebardelle
1%
foulquejudelle
1%
cépage blanc du Bordelaismuscadelle
1%
dénoyauteurvidelle
1%

Distribution des résultats

Percentile par nombre de réponses

% des personnes avec chaque résultat

Votre développement - résultats

Vous n’avez pas pris ce quiz